Datum a čas kvízu
36
Celkem bodů
Celkový počet nahraných bodů na tomto kvízu bez doplňovacích otázek.
1.
Pořadí na kvízu
Konečné umístění týmu na tomto kvízu.
Zaznamenané odpovědi
| # | Otázka | Odpověď | Body | Výsledky |
|---|---|---|---|---|
| 1. | Bývalý fotbalista Tomáš Řepka... | 2,5 roku | 1 | |
| 2. | Bílý dům chtěl po americkém ná... | John McCain | 1 | |
| 3. | Spekulace o obsazení hlavní ro... | Robert Pattinson | 1 | |
| 4. | V úterý byl vyhlášen v České r... | Den daňové svobody | 1 | |
| 5. | Fotbalový klub z Birminghamu s... | Aston Villa | 1 | |
| 6. | Začneme složením vzduchu. Že j... | 1B 2C 3A 4D | 0 | |
| 7. | Nedaleko jednoho středočeského... | Čáslav | 1 | |
| 8. | Seřaďte první čtyři vrstvy atm... | 1D 2B 3C 4A | 0 | |
| 9. | Pod čísly 1 a 2 vidíme označen... | okluzní fronta | 1 | |
| 10. | Jak se nazývá dýchací systém n... | vzdušnice | 1 |